Safety management : Strategy and practice (Record no. 11206)
[ view plain ]
| 000 -LEADER | |
|---|---|
| fixed length control field | 00396nam a2200169Ia 4500 |
| 001 - CONTROL NUMBER | |
| control field | 10176 |
| 008 - FIXED-LENGTH DATA ELEMENTS--GENERAL INFORMATION | |
| fixed length control field | 140328s9999 xx 000 0 und d |
| 020 ## - INTERNATIONAL STANDARD BOOK NUMBER | |
| International Standard Book Number | 0-7506-2519-8 |
| 040 ## - CATALOGING SOURCE | |
| Transcribing agency | PK-LaUMT |
| 082 ## - DEWEY DECIMAL CLASSIFICATION NUMBER | |
| Classification number | 658.408 |
| Item number | PYB-S |
| 100 ## - MAIN ENTRY--PERSONAL NAME | |
| Personal name | Pybus, Roger |
| 245 ## - TITLE STATEMENT | |
| Title | Safety management : Strategy and practice |
| Statement of responsibility, etc | Pybus, Roger |
| 260 ## - PUBLICATION, DISTRIBUTION, ETC. (IMPRINT) | |
| Date of publication, distribution, etc | 1996 |
| 300 ## - PHYSICAL DESCRIPTION | |
| Extent | 150 p. |
| 546 ## - LANGUAGE NOTE | |
| Language note | EN |
| 942 ## - ADDED ENTRY ELEMENTS (KOHA) | |
| Koha item type | Books |
| Withdrawn status | Lost status | Damaged status | Not for loan | Home library | Current library | Date acquired | Total Checkouts | Full call number | Barcode | Date last seen | Date checked out | Price effective from | Koha item type |
|---|---|---|---|---|---|---|---|---|---|---|---|---|---|
| Lost and Paid For | UMT Main Campus | UMT Main Campus | 2014-03-28 | 1 | 658.408 PYB-S | 10698 | 2022-06-16 | 2019-10-29 | 2014-03-28 | Books |
